Anime quizz - Estadísticas

Estadísticas generales
  • Esta prueba ha sido intentada 213 veces
  • La puntuación promedio es 5 de 15
Estadísticas de respuestas
Hint Respuesta % Correcto
Aome Inuyasha inuyasha
82%
Asuna kirito Sao
62%
Hori miyamura Horimiya
55%
Yuri viktor Yuri on ice
54%
Yuno yuki Mirai nikki
47%
Haru legoshi Beastars
44%
Kaguya miyuki Love is war
32%
Futaba kou Ao haru ride
27%
Nanami tomoe Kamisama kiss
25%
Lucy kouta Elfen Lied
21%
Louise saito Zero no tsukaima
11%
Yui ayato Diabolik lovers
8%
Hina natsuo Domestic girlfriend
8%
Misaki takumi Kaicho wa maidsama
5%
Given
1%
No se encontraron pruebas coincidentes
Distribución de puntuación
Porcentaje de gente con cada puntuación
Porcentaje por número respondido
Historial de tus puntuaciones
No has intentado esta prueba.